000 00727nam a22002177a 4500
003 UA-OsUOA
001 77093
007 ta
008 20110901b un ||||| |||| 00| 0 ukr d
100 _aСергієнко О.
090 _a330(477)
_bС32
942 _cSA
040 _aUA-OsUOA
_bukr
_cUA-OsUOA
_dUA-OsUOA
245 _aЗаробітна плата як елемент первинних доходів домогосподарств: сучасний стан і тенденції формування
300 _aС.15-22
955 _a0
041 _aukr
080 _a330(477)
773 0 _w77091
_tУкраїна: аспекти праці
_dК.
_d2011
_g5
650 7 _a330 Економіка взагалі
_2UDC
999 _c363396
_d363396